MARC

LEADER 00000nam0a2200000 4500
001 51918
005 20231031041132.0
010 |a 5060042871 
035 |a (RuTPU)RU\TPU\book\54360 
090 |a 51918 
100 |a 20030516d2003 m y0rusy50 ca 
101 0 |a rus 
102 |a RU 
105 |a a j 001zy 
200 1 |a Сборник заданий по инженерной графике с примерами выполнения чертежей на компьютере  |e учебное пособие  |f Б. Г. Миронов [и др.] 
205 |a 3-е изд., испр. и доп. 
210 |a Москва  |c Высшая школа  |d 2003 
215 |a 355 с.  |c ил. 
320 |a Библиогр.: с. 354. 
451 1 |0 (RuTPU)RU\TPU\book\68884  |y 5-06-004287-1  |t Сборник заданий по инженерной графике с примерами выполнения чертежей на компьютере  |o учебное пособие  |f Б. Г. Миронов, Р. С. Миронова, Д. А. Пяткина , А. А. Пузиков  |e 3-е изд., испр. и доп.  |c М.  |n Высшая школа  |d 2004  |p 355 с. 
610 1 |a инженерная графика 
610 1 |a графические работы 
610 1 |a задания 
610 1 |a упражнения 
610 1 |a компьютерная графика 
610 1 |a чертежи 
610 1 |a проекционное черчение 
610 1 |a начертательная геометрия 
610 1 |a техническое рисование 
610 1 |a техническое черчение 
610 1 |a деталирование 
610 1 |a компьютерное моделирование 
610 1 |a учебные пособия 
675 |a 76:621(076)  |v 3 
701 1 |a Миронов  |b Б. Г.  |g Борис Григорьевич 
701 1 |a Миронова  |b Р. С.  |g Роза Семеновна 
701 1 |a Пяткина  |b Д. А.  |g Дарья Анатольевна 
701 1 |a Пузиков  |b А. А.  |g Анатолий Александрович 
801 1 |a RU  |b 63413507  |c 20030516  |g PSBO 
801 2 |a RU  |b 63413507  |c 20210930  |g PSBO 
900 |a Инженерная графика 
900 |a Инженерная и компьютерная графика 
942 |c BK 
952 |a 550000  |b 030500